000
00201 a2200097 4500
001
57157
100
_a
245
_a
Pakistan Studies
260
_a
lahore
_b
Aziz Pub
_c
090
_c
35089
_d
35089
942
_a
NUST-CAE
_c
MONOGRAPH
_c
27879
999
_c
292230
_d
292230